[Event "×ÐÊ ñðåäè æåíùèí"]
[Site "?"]
[Date "2014.05.04"]
[Round "2"]
[White "Balakanova, Bakhyt"]
[Black "Nakhbayeva, Guliskhan"]
[Result "1/2-1/2"]
[WhiteElo "2062"]
[BlackElo "2317"]
[PlyCount "45"]
[EventDate "2014.??.??"]

1. e4 c5 2. Nc3 Nc6 3. g3 g6 4. Bg2 Bg7 5. Nge2 e6 6. d3 Nge7 7. Be3 Nd4 8. O-O
O-O 9. Qd2 d6 10. f4 Bd7 11. Nd1 Rb8 12. Nc1 b5 13. c3 Ndc6 14. e5 dxe5 15.
Bxc5 Qc7 16. fxe5 Qxe5 17. d4 Qc7 18. Nf2 f5 19. Ncd3 Rfe8 20. Nf4 Nd8 21. Rae1
Nc8 22. N2d3 Nf7 23. Nb4 1/2-1/2

[Event "×ÐÊ ñðåäè æåíùèí"]
[Site "?"]
[Date "2014.05.04"]
[Round "2"]
[White "Davletbayeva, Madina"]
[Black "Bayzhanova, Zhanar"]
[Result "1-0"]
[WhiteElo "2275"]
[BlackElo "2030"]
[PlyCount "133"]
[EventDate "2014.??.??"]

1. e4 c5 2. Nf3 Nc6 3. Bb5 g6 4. O-O Bg7 5. Re1 e5 6. c3 Nge7 7. d3 Qa5 8. Bxc6
Nxc6 9. a3 d6 10. b4 Qc7 11. Be3 b6 12. d4 Ne7 13. Nbd2 O-O 14. Rb1 Be6 15.
bxc5 bxc5 16. dxe5 d5 17. Rb5 c4 18. Rc5 Qb7 19. exd5 Nxd5 20. Bd4 Nb6 21. Ne4
h6 22. Nfd2 Qa6 23. Rc7 Nd5 24. Nc5 Qxa3 25. Nxe6 Nxc7 26. Nxc7 Rac8 27. Nb5
Qa5 28. Nxa7 Rc7 29. Qa1 Qd5 30. Qb1 Ra8 31. Qb5 Qe6 32. h3 Bf8 33. Ra1 Rd8 34.
Qb6 Qxb6 35. Bxb6 Rxa7 36. Rxa7 Rxd2 37. Bd4 Rd1+ 38. Kh2 Bg7 39. Rc7 Re1 40.
f4 Re4 41. Kg3 g5 42. fxg5 Bxe5+ 43. Bxe5 Rxe5 44. gxh6 Re3+ 45. Kf4 Rxc3 46.
h7+ Kxh7 47. Rxf7+ Kg6 48. Rc7 Rc2 49. Rc6+ Kg7 50. g4 Rh2 51. Kg3 Rc2 52. h4
Rc3+ 53. Kf4 Rh3 54. Kg5 c3 55. Rc7+ Kg8 56. Kh5 Rd3 57. g5 c2 58. Kh6 Rd6+ 59.
g6 Rd8 60. Rxc2 Rb8 61. h5 Rd8 62. Rc5 Rb8 63. Kg5 Rd8 64. h6 Re8 65. Kf6 Rf8+
66. Ke7 Ra8 67. Rd5 1-0

[Event "×ÐÊ ñðåäè æåíùèí"]
[Site "?"]
[Date "2014.05.04"]
[Round "2"]
[White "Assaubayeva, Bibissara"]
[Black "Dauletova, Gulmira"]
[Result "0-1"]
[WhiteElo "1934"]
[BlackElo "2244"]
[PlyCount "98"]
[EventDate "2014.??.??"]

1. Nf3 d5 2. c4 d4 3. d3 c5 4. g3 Nc6 5. Bg2 e5 6. O-O Nf6 7. e3 Bd6 8. exd4
cxd4 9. Re1 O-O 10. Na3 Re8 11. Nc2 a5 12. Bg5 Bg4 13. h3 Bh5 14. g4 Bg6 15.
Bh4 Bc5 16. Bf1 h5 17. Nd2 hxg4 18. hxg4 Qd6 19. Bxf6 Qxf6 20. Ne4 Bxe4 21.
Rxe4 g6 22. Bg2 Kg7 23. Ne1 Rh8 24. Nf3 Bd6 25. Kf1 a4 26. a3 Ra6 27. Rc1 Bc7
28. c5 Nd8 29. g5 Qf5 30. Qe2 Ne6 31. Rxe5 Bxe5 32. Qxe5+ Qxe5 33. Nxe5 Ra5 34.
Nc4 Rxc5 35. Bxb7 Rb8 36. Bf3 Nf4 37. Rd1 Rxg5 38. Re1 Rc5 39. Re4 Nxd3 40.
Rxd4 Nxb2 41. Nxb2 Rxb2 42. Rxa4 Rcc2 43. Kg2 Rxf2+ 44. Kg3 Rfd2 45. Kf4 Rb3
46. Bc6 Rdd3 47. Ra7 Rxa3 48. Rb7 Kf6 49. Be4 g5+ 0-1

[Event "×ÐÊ ñðåäè æåíùèí"]
[Site "?"]
[Date "2014.05.04"]
[Round "2"]
[White "Khasanova, Flyura"]
[Black "Mukhit, Aisezym"]
[Result "1-0"]
[WhiteElo "2238"]
[BlackElo "1944"]
[PlyCount "69"]
[EventDate "2014.??.??"]

1. Nf3 Nf6 2. c4 d6 3. Nc3 Bg4 4. e3 e5 5. d3 Be7 6. Be2 O-O 7. h3 Bxf3 8. Bxf3
c6 9. O-O Nbd7 10. Rb1 Nb6 11. b3 d5 12. Bb2 e4 13. dxe4 dxc4 14. e5 Nfd7 15.
Ne4 cxb3 16. Qxb3 Nc5 17. Nxc5 Bxc5 18. e6 fxe6 19. Qxe6+ Kh8 20. Bxg7+ Kxg7
21. Qe5+ Qf6 22. Qxc5 Qg6 23. Rb4 Kh8 24. Qe5+ Rf6 25. Rg4 Qf7 26. Rb1 Re8 27.
Qd4 Rg8 28. Rxg8+ Kxg8 29. a4 Rf5 30. Qd6 Ra5 31. Bd1 Kg7 32. Rb4 Rg5 33. Rf4
Rf5 34. Rg4+ Kh8 35. Bb3 1-0

[Event "×ÐÊ ñðåäè æåíùèí"]
[Site "?"]
[Date "2014.05.04"]
[Round "2"]
[White "Mynzhasarova, Kamilla"]
[Black "Aketayeva, Dana"]
[Result "0-1"]
[WhiteElo "1865"]
[BlackElo "2155"]
[PlyCount "138"]
[EventDate "2014.??.??"]

1. e4 c5 2. Nf3 e6 3. d4 cxd4 4. Nxd4 Nc6 5. Nb5 d6 6. Bf4 e5 7. Be3 Nf6 8. f3
a6 9. N5c3 Be7 10. Be2 O-O 11. O-O b5 12. a3 Bb7 13. Nd2 d5 14. exd5 Nxd5 15.
Nxd5 Qxd5 16. Nb3 Qe6 17. Nc5 Bxc5 18. Bxc5 Rfd8 19. Bd3 Nd4 20. Bxd4 Rxd4 21.
Qe2 Rad8 22. Rad1 Qd6 23. Qe1 e4 24. fxe4 Bxe4 25. Qc3 Bxd3 26. Rxd3 Rxd3 27.
cxd3 Qxd3 28. Qxd3 Rxd3 29. Rc1 f6 30. Rc2 Kf7 31. h3 Rb3 32. Rc7+ Kg6 33. Ra7
Rxb2 34. Rxa6 h5 35. a4 b4 36. Rb6 b3 37. a5 h4 38. a6 Ra2 39. Rxb3 Rxa6 40.
Rb4 Kh5 41. Kf2 g5 42. Rb5 Ra4 43. Rf5 Kg6 44. Rf3 Ra2+ 45. Kf1 Rd2 46. Kg1 f5
47. Ra3 Kf6 48. Ra5 Ke6 49. Rb5 Rd5 50. Rb6+ Ke5 51. Kf2 Ke4 52. Rg6 Kf4 53.
Rh6 Rd2+ 54. Kf1 Kg3 55. Rh5 Rf2+ 56. Ke1 g4 57. hxg4 fxg4 58. Rxh4 Rxg2 59.
Rh8 Rf2 60. Rg8 Rf5 61. Ke2 Kh3 62. Rh8+ Kg2 63. Rb8 Re5+ 64. Kd1 g3 65. Rb3
Kh2 66. Rb7 g2 67. Rh7+ Kg3 68. Rg7+ Kf3 69. Rg8 Re4 0-1

[Event "×ÐÊ ñðåäè æåíùèí"]
[Site "?"]
[Date "2014.05.03"]
[Round "1"]
[White "Dauletova, Gulmira"]
[Black "Albekova, Dilyara"]
[Result "1-0"]
[WhiteElo "2244"]
[BlackElo "1781"]
[PlyCount "45"]
[EventDate "2014.??.??"]

1. e4 d5 2. exd5 Qxd5 3. Nc3 Qd6 4. d4 Nf6 5. Nf3 a6 6. h3 g6 7. Bg5 Bg7 8. Qd2
Bf5 9. O-O-O O-O 10. Qe3 Nc6 11. Bf4 Qd8 12. g4 Be6 13. d5 Bxd5 14. g5 e6 15.
gxf6 Qxf6 16. Be2 h6 17. Rhg1 Kh7 18. Nh2 Nb4 19. Ng4 Nxa2+ 20. Kd2 Qd8 21.
Bxh6 Nxc3 22. bxc3 Rh8 23. Bd3 1-0

[Event "×ÐÊ ñðåäè æåíùèí"]
[Site "?"]
[Date "2014.05.03"]
[Round "1"]
[White "Chakeyeva, Almagul"]
[Black "Khasanova, Flyura"]
[Result "0-1"]
[WhiteElo "1680"]
[BlackElo "2238"]
[PlyCount "58"]
[EventDate "2014.??.??"]

1. e4 c5 2. Nf3 a6 3. d4 cxd4 4. Nxd4 Nf6 5. Nc3 e5 6. Nf3 Bb4 7. Bd3 d5 8. Nd2
Nc6 9. Nxd5 Nxd5 10. exd5 Qxd5 11. O-O Be6 12. Bc4 Qd7 13. Bxe6 Qxe6 14. c3 Be7
15. Qb3 Qg6 16. Re1 b5 17. Qd5 O-O 18. Nf1 Rad8 19. Qf3 Rd3 20. Re3 Rfd8 21.
Rxd3 Rxd3 22. Qe2 b4 23. Bd2 e4 24. Ng3 f5 25. Be1 f4 26. Nh1 Ne5 27. g3 Nf3+
28. Kg2 Nd4 29. Qf1 f3+ 0-1

[Event "×ÐÊ ñðåäè æåíùèí"]
[Site "?"]
[Date "2014.05.03"]
[Round "1"]
[White "Aketayeva, Dana"]
[Black "Telzhanova, Aygul"]
[Result "1-0"]
[WhiteElo "2155"]
[BlackElo "1626"]
[PlyCount "47"]
[EventDate "2014.??.??"]

1. Nf3 c5 2. c4 Nc6 3. g3 e6 4. Bg2 d5 5. cxd5 exd5 6. d4 c4 7. O-O Nf6 8. Nc3
a6 9. Re1 Bf5 10. e4 dxe4 11. d5 Nb4 12. Nd4 Bg6 13. Nxe4 Nxe4 14. Bxe4 Be7 15.
d6 Qxd6 16. Bxb7 Rd8 17. Qa4+ Kf8 18. Nc6 Bc2 19. b3 cxb3 20. axb3 Nxc6 21.
Bxc6 Qb4 22. Ba3 Qxa4 23. Bxe7+ Kg8 24. Bxa4 1-0

[Event "×ÐÊ ñðåäè æåíùèí"]
[Site "?"]
[Date "2014.05.03"]
[Round "1"]
[White "Nakhbayeva, Guliskhan"]
[Black "Khomentovskaya, Yana"]
[Result "1-0"]
[WhiteElo "2317"]
[BlackElo "1833"]
[PlyCount "47"]

1. d4 d5 2. c4 e6 3. Nc3 Nf6 4. cxd5 exd5 5. Bg5 Be7 6. e3 c6 7. Qc2 Ne4 8.
Bxe7 Qxe7 9. Nxd5 cxd5 10. Qxc8+ Qd8 11. Bb5+ Nd7 12. Bxd7+ Ke7 13. Qxd8+ Rhxd8
14. Ba4 Rac8 15. Ne2 Kd6 16. f3 Nf6 17. Kd2 Rc7 18. Rac1 Re7 19. Rc5 Nd7 20.
Bxd7 Rexd7 21. Rhc1 b6 22. Rc6+ Ke7 23. Rc7 Ke6 24. R1c6+ 1-0

[Event "×ÐÊ ñðåäè æåíùèí"]
[Site "?"]
[Date "2014.05.03"]
[Round "1"]
[White "Bauyrzhanova, Klara"]
[Black "Davletbayeva, Madina"]
[Result "0-1"]
[WhiteElo "1794"]
[BlackElo "2275"]
[PlyCount "84"]

1. e4 c5 2. Nf3 a6 3. d4 cxd4 4. Nxd4 e5 5. Nb3 Nf6 6. Nc3 Bb4 7. Bg5 Qc7 8.
Qf3 Bxc3+ 9. bxc3 Qc6 10. Bxf6 Qxf6 11. Qxf6 gxf6 12. Nd2 Ke7 13. Nc4 b5 14.
Nb6 Ra7 15. Nd5+ Ke6 16. g3 Bb7 17. Bh3+ Kd6 18. Nxf6 Ke7 19. Nd5+ Bxd5 20.
exd5 Rc7 21. O-O-O Rxc3 22. Rhe1 Kd6 23. Re3 Rhc8 24. Rxc3 Rxc3 25. Bf5 h6 26.
Rd2 a5 27. Kb2 Rc5 28. Be4 Na6 29. Rd3 Rc4 30. Bh7 e4 31. Rb3 b4 32. f3 Nc5 33.
Re3 Rc3 34. Rxc3 bxc3+ 35. Kxc3 exf3 36. Kd2 Kxd5 37. Ke3 Na4 38. Kxf3 Nc3 39.
Kf4 Nxa2 40. Kf5 Nc3 41. Bg8 a4 42. Kf6 Kd4 0-1

[Event "×ÐÊ ñðåäè æåíùèí"]
[Site "?"]
[Date "2014.05.05"]
[Round "3"]
[White "Aketayeva, Dana"]
[Black "Davletbayeva, Madina"]
[Result "0-1"]
[WhiteElo "2155"]
[BlackElo "2275"]
[PlyCount "88"]
[EventDate "2014.??.??"]

1. d4 Nf6 2. Nf3 e6 3. c4 Bb4+ 4. Bd2 Qe7 5. Qc2 d5 6. a3 Bxd2+ 7. Nbxd2 O-O 8.
e4 dxe4 9. Nxe4 Nxe4 10. Qxe4 c5 11. dxc5 Qxc5 12. Bd3 f5 13. Qe2 a5 14. O-O a4
15. Kh1 Nc6 16. Ng5 e5 17. Rad1 h6 18. Nh3 Nd4 19. Qh5 Be6 20. Rfe1 Ra6 21. f3
Rb6 22. Rd2 Qa5 23. Red1 Rc6 24. f4 Bf7 25. Qh4 Nb3 26. Rc2 e4 27. Be2 Qc7 28.
Qg3 Rd8 29. Rxd8+ Qxd8 30. Qc3 Qd6 31. Qe1 b5 32. Qf1 Kh7 33. c5 Rxc5 34. Rxc5
Qxc5 35. Bxb5 Nd4 36. Bxa4 e3 37. Ng1 e2 38. Qe1 Qc4 39. b4 Bd5 40. Bd7 Be4 41.
h4 Qd5 42. Bc8 Bxg2+ 43. Kh2 Bf1 44. Qf2 e1=Q 0-1

[Event "×ÐÊ ñðåäè ìóæ÷èí"]
[Site "?"]
[Date "2014.05.05"]
[Round "3"]
[White "Dauletova, Gulmira"]
[Black "Khasanova, Flyura"]
[Result "1/2-1/2"]
[WhiteElo "2244"]
[BlackElo "2238"]
[PlyCount "32"]
[EventDate "2014.??.??"]

1. e4 c5 2. Nf3 a6 3. c4 e6 4. Nc3 Qc7 5. d4 cxd4 6. Nxd4 Nf6 7. a3 b6 8. Be3
Bb7 9. f3 Nc6 10. Rc1 Nxd4 11. Bxd4 Bd6 12. g3 h5 13. Qe2 Bc5 14. Bxc5 bxc5 15.
Bg2 h4 16. f4 hxg3 1/2-1/2

[Event "×ÐÊ ñðåäè æåíùèí"]
[Site "?"]
[Date "2014.05.05"]
[Round "3"]
[White "Bauyrzhan, Arnash"]
[Black "Balakanova, Bakhyt"]
[Result "1-0"]
[WhiteElo "1895"]
[BlackElo "2062"]
[PlyCount "83"]
[EventDate "2014.??.??"]

1. e4 g6 2. Nc3 Bg7 3. d4 d6 4. f4 Nf6 5. Bd3 Nc6 6. Nf3 e5 7. dxe5 dxe5 8. O-O
O-O 9. Be3 Ng4 10. Bc5 exf4 11. Bxf8 Bxf8 12. Nd5 Bc5+ 13. Kh1 Nf2+ 14. Rxf2
Bxf2 15. Qd2 Be3 16. Nxe3 fxe3 17. Qxe3 Bg4 18. Ng5 Ne5 19. Qf4 Qe7 20. Nxf7
Nxf7 21. Qxg4 Ne5 22. Qg3 Rf8 23. Rd1 Qf6 24. b3 c6 25. h3 Kg7 26. Rf1 Qe7 27.
Rxf8 Kxf8 28. Qf2+ Kg7 29. Qxa7 g5 30. Ba6 Nf7 31. Qxb7 Qa3 32. Qa7 Qxa2 33.
Qd4+ Kf8 34. Bd3 Qb1+ 35. Kh2 Qc1 36. Qf6 Ke8 37. Bc4 Nd8 38. Qh8+ Kd7 39.
Qxh7+ Kd6 40. e5+ Kxe5 41. Qe7+ Kf5 42. Bd3+ 1-0

[Event "×ÐÊ ñðåäè æåíùèí"]
[Site "?"]
[Date "2014.05.05"]
[Round "3"]
[White "Turebayeva, Alfiya"]
[Black "Ankudinova, Yelena"]
[Result "1/2-1/2"]
[WhiteElo "2086"]
[BlackElo "2145"]
[PlyCount "100"]
[EventDate "2014.??.??"]

1. e4 c6 2. d4 d5 3. e5 Bf5 4. Nc3 e6 5. Nf3 Nd7 6. Bd3 Bxd3 7. Qxd3 Ne7 8. O-O
Nf5 9. Ne2 Be7 10. Re1 O-O 11. Ng3 Nxg3 12. hxg3 c5 13. c3 a6 14. g4 Rc8 15.
Bd2 cxd4 16. cxd4 Qb6 17. b3 Qb5 18. Qb1 a5 19. a4 Qa6 20. g3 Rc6 21. Kg2 Rfc8
22. Rh1 Nf8 23. Qe1 b6 24. Qe3 Bb4 25. Rac1 Rxc1 26. Rxc1 Rxc1 27. Bxc1 Qc8 28.
Ng5 h6 29. Nf3 Qc2 30. g5 hxg5 31. Nxg5 Nd7 32. Qf4 Qg6 33. Bd2 Be7 34. Nf3 Qb1
35. Ng5 Bxg5 36. Qxg5 Qe4+ 37. Kh2 f6 38. exf6 Nxf6 39. Be3 Qb1 40. Kg2 Qxb3
41. Qe5 Kf7 42. Qc7+ Kg6 43. Qd6 b5 44. axb5 Qxb5 45. Qxe6 Qb1 46. Qa6 Qe4+ 47.
Kg1 Qb1+ 48. Kg2 Qe4+ 49. Kg1 Qb1+ 50. Kg2 Qe4+ 1/2-1/2

[Event "×ÐÊ ñðåäè æåíùèí"]
[Site "?"]
[Date "2014.05.06"]
[Round "4"]
[White "Davletbayeva, Madina"]
[Black "Bauyrzhan, Arnash"]
[Result "1-0"]
[WhiteElo "2275"]
[BlackElo "1895"]
[PlyCount "129"]
[EventDate "2014.??.??"]

1. e4 c5 2. Nf3 e6 3. d4 cxd4 4. Nxd4 a6 5. c4 Nf6 6. Nc3 Qc7 7. a3 Nc6 8. Be3
Ne5 9. f3 Be7 10. Rc1 d6 11. Be2 h5 12. b4 b6 13. O-O Bb7 14. Na4 Ned7 15. Qd2
h4 16. Nb3 Rd8 17. Bd3 Bc6 18. Nc3 Qb8 19. Qf2 Kf8 20. Rc2 g6 21. Rb1 Kg7 22.
a4 Rc8 23. a5 Ne5 24. Be2 bxa5 25. Nxa5 Bd8 26. Nxc6 Rxc6 27. b5 axb5 28. cxb5
Rc8 29. Bd4 Ba5 30. Bf1 Ned7 31. Na4 e5 32. Be3 Rxc2 33. Qxc2 d5 34. exd5 Nxd5
35. Bf2 h3 36. g3 N5b6 37. Nxb6 Bxb6 38. Bxb6 Qxb6+ 39. Qf2 Qa5 40. Rd1 Nf6 41.
Rd6 Qb4 42. Rd2 e4 43. fxe4 Qxe4 44. Qd4 Rb8 45. Qxe4 Nxe4 46. Rb2 Nd6 47. b6
Nc8 48. b7 Nd6 49. Ba6 Kf6 50. Rc2 g5 51. g4 Ke5 52. Kf2 Kf4 53. Rc6 Nxb7 54.
Rc4+ Ke5 55. Rb4 Nc5 56. Rxb8 Nxa6 57. Rc8 Nb4 58. Kg3 Nd5 59. Kxh3 f5 60. gxf5
Kxf5 61. Rc5 Ke6 62. Ra5 Nf4+ 63. Kg4 Kf6 64. h4 Kg6 65. Rxg5+ 1-0

[Event "×ÐÊ ñðåäè æåíùèí"]
[Site "?"]
[Date "2014.05.06"]
[Round "4"]
[White "Bayzhanova, Zhanar"]
[Black "Dauletova, Gulmira"]
[Result "0-1"]
[WhiteElo "2030"]
[BlackElo "2244"]
[PlyCount "54"]
[EventDate "2014.??.??"]

1. e4 c5 2. Nf3 e6 3. d4 cxd4 4. Nxd4 a6 5. a4 Nf6 6. Bd3 Nc6 7. c3 d5 8. Nxc6
bxc6 9. e5 Nd7 10. f4 Bc5 11. Qe2 a5 12. Na3 Bb6 13. Qg4 g6 14. h4 Nc5 15. Bc2
h5 16. Qf3 Ba6 17. b4 Nd7 18. Rb1 Rc8 19. Qh3 Qe7 20. Bd2 Ra8 21. Qf3 Rc8 22.
Rh3 Kf8 23. g4 hxg4 24. Qxg4 Bd8 25. Be3 axb4 26. cxb4 Bc4 27. Rh2 Ba2 0-1

[Event "×ÐÊ ñðåäè æåíùèí"]
[Site "?"]
[Date "2014.05.06"]
[Round "4"]
[White "Khomentovskaya, Yana"]
[Black "Aketayeva, Dana"]
[Result "1/2-1/2"]
[WhiteElo "1833"]
[BlackElo "2155"]
[PlyCount "94"]
[EventDate "2014.??.??"]

1. c4 Nf6 2. d4 g6 3. Nc3 Bg7 4. g3 O-O 5. Bg2 d6 6. Nf3 Re8 7. O-O Nbd7 8. Bf4
Nh5 9. Bg5 h6 10. Be3 e5 11. Qd2 Kh7 12. dxe5 dxe5 13. Rad1 Nhf6 14. Qc2 c6 15.
h4 Qc7 16. Nh2 Nf8 17. Ne4 Nxe4 18. Bxe4 Bh3 19. Bg2 Bxg2 20. Kxg2 Ne6 21. h5
Nd4 22. hxg6+ fxg6 23. Qe4 Qc8 24. g4 Qe6 25. b3 Nxe2 26. Rd3 Nf4+ 27. Bxf4
exf4 28. Qxf4 Rf8 29. Qe3 Qf7 30. f3 a6 31. Rfd1 Rae8 32. Qd2 Re7 33. Re1 Be5
34. Rde3 Rfe8 35. Nf1 Bc7 36. Rxe7 Rxe7 37. Rxe7 Qxe7 38. Qe3 Qf7 39. Ng3 Bf4
40. Qd4 Bc7 41. Ne4 Qe6 42. Nf6+ Kh8 43. Ne4+ Be5 44. Qd8+ Kh7 45. Nc5 Qf7 46.
Qc8 b6 47. Nd3 Bc7 1/2-1/2

[Event "×ÐÊ ñðåäè æåíùèí"]
[Site "?"]
[Date "2014.05.06"]
[Round "4"]
[White "Mynzhasarova, Kamilla"]
[Black "Demeuova, Gulziya"]
[Result "1-0"]
[WhiteElo "1865"]
[BlackElo "1586"]
[PlyCount "35"]
[EventDate "2014.??.??"]

1. e4 e6 2. d4 d5 3. Nc3 Nf6 4. e5 Nfd7 5. Nf3 c5 6. Bb5 Nc6 7. Bxc6 bxc6 8.
O-O Be7 9. Re1 O-O 10. dxc5 Nxc5 11. Nd4 Qc7 12. Qg4 Kh8 13. Re3 f5 14. Qh5 h6
15. Rf3 Bd7 16. Bxh6 Kg8 17. Bxg7 Rfc8 18. Rg3 1-0

[Event "×ÐÊ ñðåäè æåíùèí"]
[Site "?"]
[Date "2014.05.07"]
[Round "5"]
[White "Dauletova, Gulmira"]
[Black "Davletbayeva, Madina"]
[Result "1-0"]
[WhiteElo "2244"]
[BlackElo "2275"]
[PlyCount "111"]
[EventDate "2014.??.??"]

1. e4 e5 2. Nf3 Nc6 3. Bb5 Nf6 4. d3 Bc5 5. c3 d6 6. O-O O-O 7. h3 a6 8. Bxc6
bxc6 9. Re1 h6 10. Nbd2 Re8 11. d4 exd4 12. cxd4 Bb6 13. Qc2 c5 14. d5 Ba5 15.
Re3 Bxd2 16. Bxd2 Bd7 17. Ba5 Qe7 18. Nd2 c6 19. Nc4 Rac8 20. Rd1 Nh5 21. dxc6
Rxc6 22. e5 d5 23. Rxd5 Nf4 24. Rd6 Rxd6 25. exd6 Qg5 26. Rxe8+ Bxe8 27. Qe4
Bb5 28. Bd2 Qd5 29. Qxd5 Nxd5 30. Ne5 Nf6 31. b3 Kf8 32. Be3 Ke8 33. Bxc5 Ne4
34. Bb4 f6 35. d7+ Bxd7 36. Nxd7 Kxd7 37. Bf8 g5 38. Kf1 h5 39. Bb4 f5 40. Ke2
Ke6 41. f3 Nf6 42. Bd2 g4 43. Ke3 Nd5+ 44. Kd4 g3 45. a3 Ne7 46. Bf4 h4 47. b4
Nd5 48. Bd2 Ne7 49. Bf4 Nd5 50. Bd2 Ne7 51. a4 Nc6+ 52. Kc5 Ne5 53. b5 axb5 54.
axb5 f4 55. b6 Nd7+ 56. Kc6 1-0

[Event "×ÐÊ ñðåäè æåíùèí"]
[Site "?"]
[Date "2014.05.07"]
[Round "5"]
[White "Turebayeva, Alfiya"]
[Black "Khasanova, Flyura"]
[Result "1/2-1/2"]
[WhiteElo "2086"]
[BlackElo "2238"]
[PlyCount "50"]
[EventDate "2014.??.??"]

1. e4 c5 2. Nf3 a6 3. c3 d5 4. exd5 Qxd5 5. d4 e6 6. c4 Qd6 7. Be2 Nf6 8. O-O
Be7 9. Nc3 O-O 10. dxc5 Qxc5 11. Be3 Qc7 12. h3 b6 13. a3 Nbd7 14. Na4 Bb7 15.
b4 Rfd8 16. Qb3 Nh5 17. Rfd1 Rab8 18. Nd4 Nf4 19. Bf3 Bxf3 20. Nxf3 b5 21. cxb5
axb5 22. Bxf4 Qxf4 23. Nc3 Bf6 24. Ne2 Qe4 25. Ng3 Qb7 1/2-1/2

[Event "×ÐÊ ñðåäè æåíùèí"]
[Site "?"]
[Date "2014.05.07"]
[Round "5"]
[White "Nakhbayeva, Guliskhan"]
[Black "Ankudinova, Yelena"]
[Result "1-0"]
[WhiteElo "2317"]
[BlackElo "2145"]
[PlyCount "49"]
[EventDate "2014.??.??"]

1. d4 Nf6 2. c4 c6 3. Nc3 d5 4. e3 g6 5. Nf3 Bg7 6. Bd3 O-O 7. O-O Bg4 8. h3
Bxf3 9. Qxf3 e6 10. Rd1 Nbd7 11. e4 e5 12. Be3 dxe4 13. Bxe4 Nxe4 14. Nxe4 f5
15. dxe5 fxe4 16. Qg4 Rf5 17. e6 Qe7 18. Rxd7 Qxe6 19. Rxb7 Qxc4 20. Rd1 Raf8
21. Rdd7 R8f7 22. b3 Rxd7 23. Rb8+ Kf7 24. bxc4 h5 25. Qe2 1-0

[Event "×ÐÊ ñðåäè æåíùèí"]
[Site "?"]
[Date "2014.05.07"]
[Round "5"]
[White "Bauyrzhanova, Klara"]
[Black "Khomentovskaya, Yana"]
[Result "0-1"]
[WhiteElo "1794"]
[BlackElo "1833"]
[PlyCount "68"]
[EventDate "2014.??.??"]

1. e4 e6 2. d4 d5 3. Nd2 Nf6 4. e5 Nfd7 5. Ngf3 c5 6. c3 Nc6 7. a3 a5 8. Be2
Qb6 9. Nf1 Be7 10. Ng3 cxd4 11. cxd4 f6 12. Nh5 O-O 13. Nf4 Ndb8 14. O-O Nxd4
15. Qxd4 Qxd4 16. Nxd4 fxe5 17. Nfxe6 exd4 18. Nxf8 Kxf8 19. Bf3 Be6 20. Re1
Kf7 21. Bf4 Nd7 22. Rxe6 Kxe6 23. Bg4+ Kf6 24. Bxd7 g5 25. Bg3 h5 26. h4 Rd8
27. Bb5 Rc8 28. Re1 Kf7 29. hxg5 Bxg5 30. Bd3 Bc1 31. Re2 a4 32. Be5 h4 33.
Bxd4 Bf4 34. Be5 Rc1+ 0-1

[Event "×ÐÊ ñðåäè æåíùèí"]
[Site "?"]
[Date "2014.05.08"]
[Round "6"]
[White "Aketayeva"]
[Black "Dauletova"]
[Result "0-1"]
[WhiteElo "2155"]
[BlackElo "2244"]
[Annotator ",immortal223"]
[PlyCount "92"]
[EventDate "2014.??.??"]

1. e4 c5 2. Nf3 d6 3. d4 cxd4 4. Nxd4 Nf6 5. Nc3 g6 6. Be3 Bg7 7. f3 Nc6 8. Qd2
O-O 9. O-O-O d5 10. Kb1 Nxd4 11. e5 Nf5 12. exf6 exf6 13. Bc5 d4 14. Bxf8 Qxf8
15. Nb5 Ne3 16. Re1 f5 17. f4 Qc5 18. c3 Nxf1 19. Re8+ Bf8 20. Qxd4 Qxb5 21.
Qd8 Nd2+ 22. Kc2 Qxe8 23. Qxe8 Ne4 24. Rd1 Nf6 25. Qe5 Ng4 26. Qe8 Nf6 27. Qe5
Ng4 28. Qe8 Nf6 29. Qd8 Kg7 30. Qc7 b6 31. Rd8 Bb7 32. Rxa8 Bxa8 33. g3 Bc5 34.
Qxa7 Be4+ 35. Kd1 Bg1 36. h3 Bf2 37. a4 Bxg3 38. Qxb6 Bxf4 39. a5 g5 40. a6 g4
41. Qg1 $4 (41. Qf2 $3) 41... g3 42. c4 g2 43. b4 Bg3 44. b5 f4 45. a7 f3 46.
Qe3 Bh4 0-1

[Event "×ÐÊ ñðåäè æåíùèí"]
[Site "?"]
[Date "2014.05.08"]
[Round "6"]
[White "Davletbayeva"]
[Black "Khasanova"]
[Result "1/2-1/2"]
[WhiteElo "2275"]
[BlackElo "2238"]
[PlyCount "44"]
[EventDate "2014.??.??"]

1. e4 c5 2. Nf3 d6 3. c4 e6 4. d4 cxd4 5. Nxd4 Nf6 6. Nc3 Qc7 7. a3 b6 8. Be3
Bb7 9. f3 Nc6 10. b4 Ne5 11. Rc1 Ng6 12. Qd2 Be7 13. Nb3 a6 14. Na4 Nd7 15. c5
dxc5 16. bxc5 b5 17. Nb6 Rd8 18. Nxd7 Rxd7 19. Qa5 Ne5 20. Qxc7 Rxc7 21. Na5
Ba8 22. Be2 Nc6 1/2-1/2

[Event "×ÐÊ ñðåäè æåíùèí"]
[Site "?"]
[Date "2014.05.08"]
[Round "6"]
[White "Khomentovskaya"]
[Black "Turebayeva"]
[Result "0-1"]
[WhiteElo "1833"]
[BlackElo "2086"]
[PlyCount "54"]
[EventDate "2014.??.??"]

1. c4 c5 2. Nc3 Nf6 3. g3 d5 4. cxd5 Nxd5 5. Bg2 Nc7 6. Qc2 Nc6 7. Nf3 e5 8.
O-O Be7 9. b3 O-O 10. Ne1 Nd4 11. Qd1 Rb8 12. Nd3 f6 13. f4 Bf5 14. e4 Be6 15.
fxe5 Nxb3 16. axb3 Qxd3 17. exf6 Bxf6 18. Rxa7 c4 19. Kh1 cxb3 20. Ba3 Rf7 21.
Nb1 Bd4 22. Rxf7 Bxf7 23. Ra4 b5 24. Rxd4 Qxd4 25. Qc1 Qc4 26. Qe1 b4 27. Bb2
Qc2 0-1

[Event "×ÐÊ ñðåäè æåíùèí"]
[Site "?"]
[Date "2014.05.08"]
[Round "6"]
[White "Mynzhasarova"]
[Black "Nakhbayeva, 	."]
[Result "0-1"]
[WhiteElo "1865"]
[BlackElo "2317"]
[PlyCount "72"]
[EventDate "2014.??.??"]

1. e4 c5 2. Nf3 Nc6 3. d4 cxd4 4. Nxd4 e6 5. Nc3 Qc7 6. Ndb5 Qb8 7. Be2 Bc5 8.
Na3 Nf6 9. Nc4 b5 10. Nxb5 Nxe4 11. Be3 Bxe3 12. Nxe3 a6 13. f3 axb5 14. fxe4
Qf4 15. Qd2 Qh4+ 16. Kd1 Qxe4 17. Bxb5 O-O 18. Bd3 Qe5 19. c3 d5 20. Kc2 d4 21.
Nc4 Qc5 22. a3 dxc3 23. Qxc3 Nd4+ 24. Kb1 Ba6 25. Ka2 Rfc8 26. Rac1 Rab8 27. b4
Qd5 28. Rhg1 Rc7 29. a4 Bxc4+ 30. Bxc4 Ne2 31. Kb2 Qd6 32. Rgd1 Qe7 33. Qd3
Nxc1 34. Kxc1 Rbc8 35. Kb2 Rxc4 36. b5 Qb4+ 0-1

[Event "×ÐÊ ñðåäè æåíùèí"]
[Site "?"]
[Date "2014.05.08"]
[Round "6"]
[White "Bayzhanova"]
[Black "Bauyrzhan"]
[Result "1-0"]
[WhiteElo "2030"]
[BlackElo "1895"]
[PlyCount "117"]
[EventDate "2014.??.??"]

1. e4 c5 2. Nf3 e6 3. d4 cxd4 4. Nxd4 a6 5. c4 Nf6 6. Nc3 Qc7 7. a3 b6 8. Be3
Bb7 9. f3 Nc6 10. Rc1 Be7 11. Be2 O-O 12. b4 Ne5 13. O-O d6 14. Qd2 Rab8 15.
Rfd1 Rfd8 16. Bf1 Ba8 17. Qf2 h6 18. Na4 Nfg4 19. fxg4 Nxg4 20. Qg3 Nxe3 21.
Qxe3 Bg5 22. Qe1 Bxc1 23. Rxc1 Qa7 24. Qf2 Bxe4 25. Nc3 Qb7 26. Nxe4 Qxe4 27.
Re1 Qb7 28. b5 axb5 29. cxb5 Ra8 30. Nc6 Re8 31. Re3 Ra4 32. Rg3 Kh8 33. Qb2 e5
34. Qd2 Qd7 35. Rd3 Re6 36. Qc2 Rf4 37. g3 Rg6 38. Bg2 e4 39. Rd1 Rf5 40. Bxe4
Rc5 41. Qa4 Re6 42. Bd5 Re2 43. Bf3 Re3 44. Nd4 Rcc3 45. Qa8+ Kh7 46. Be4+ g6
47. Bc6 Qg4 48. Rf1 Re7 49. Nf3 Rc2 50. Qf8 Rce2 51. Bd5 Qh3 52. Ng5+ hxg5 53.
Rxf7+ Rxf7 54. Qxf7+ Kh6 55. Qf8+ Kh5 56. Bf3+ g4 57. Bxe2 Kg5 58. Qf4+ Kh5 59.
Bf1 1-0

[Event "×ÐÊ ñðåäè æåíùèí"]
[Site "?"]
[Date "2014.05.09"]
[Round "7"]
[White "Khasanova, Flyura"]
[Black "Bayzhanova, Zhanar"]
[Result "1/2-1/2"]
[WhiteElo "2238"]
[BlackElo "2030"]
[PlyCount "61"]
[EventDate "2014.??.??"]

1. e4 c5 2. Nc3 Nc6 3. Nge2 g6 4. d4 cxd4 5. Nxd4 Bg7 6. Nde2 Nf6 7. g3 d6 8.
Bg2 Bg4 9. h3 Bd7 10. O-O Ne5 11. a4 Qc8 12. Kh2 h5 13. Nd5 Nfg4+ 14. Kg1 Nf6
15. Nxf6+ Bxf6 16. Nf4 Nc4 17. Ra2 Be5 18. b3 Na5 19. Bb2 Nc6 20. Nd5 Bxh3 21.
Bxh3 Qxh3 22. Nc7+ Kd8 23. Nxa8 h4 24. Qf3 hxg3 25. Qg2 gxf2+ 26. Rxf2 Qe3 27.
Qf3 Qe1+ 28. Rf1 Qd2 29. Rf2 Qe1+ 30. Rf1 Qd2 31. Rf2 1/2-1/2

[Event "×ÐÊ ñðåäè æåíùèí"]
[Site "?"]
[Date "2014.05.09"]
[Round "7"]
[White "Dauletova, Gulmira"]
[Black "Nakhbayeva, Guliskhan"]
[Result "0-1"]
[WhiteElo "2244"]
[BlackElo "2317"]
[PlyCount "74"]
[EventDate "2014.??.??"]

1. e4 e6 2. d4 d5 3. Nc3 Nf6 4. Bg5 Be7 5. e5 Nfd7 6. Bxe7 Qxe7 7. f4 a6 8. Nf3
c5 9. dxc5 Nc6 10. Qd2 O-O 11. Bd3 f6 12. exf6 Nxf6 13. O-O-O Qxc5 14. Rhe1 Bd7
15. Ne5 Nxe5 16. Rxe5 Ng4 17. Re2 d4 18. Ne4 Qd5 19. c4 Qc6 20. Ng5 h6 21. Nf3
Qc7 22. g3 b5 23. Nxd4 e5 24. Nc2 bxc4 25. Be4 Rad8 26. Bd5+ Kh8 27. Qc3 exf4
28. gxf4 Qxf4+ 29. Kb1 Bc6 30. Red2 Nf2 31. Rg1 Rf6 32. Rd4 Qxh2 33. Re1 Rxd5
34. Rxc4 Qd6 35. Ne3 Rd3 36. Qa5 Be4 37. Rc2 Rxe3 0-1